[Event "Bouches-du-Rhone-ch 1516"]
[Site "Vitrolles"]
[Date "2016.04.23"]
[Round "9"]
[White "Feraud, Guillaume"]
[Black "Joubert, Leo"]
[Result "0-1"]
[WhiteElo "1875"]
[BlackElo "1886"]
[PlyCount "77"]
[EventDate "2015.09.26"]
[EventType "tourn"]
[EventRounds "9"]
[EventCountry "FRA"]
[SourceTitle "EXT 2024"]
[Source "ChessBase"]
[SourceDate "2023.10.10"]
[SourceVersion "1"]
[SourceVersionDate "2023.10.10"]
[SourceQuality "1"]

1. d4 Nf6 2. c4 e6 3. Nf3 Bb4+ 4. Bd2 Qe7 5. Qc2 Bxd2+ 6. Nbxd2 d6 7. g3 Nc6 8. Bg2 0-0 9. 0-0 e5 10. e3 Bg4 11. h3 Bh5 12. Rfe1 Bg6 13. Qc3 a5 14. b3 Rfe8 15. a3 Ne4 16. Nxe4 Bxe4 17. dxe5 Nxe5 18. Nxe5 Qxe5 19. Qxe5 Rxe5 20. Bxe4 Rxe4 21. Rac1 b6 22. Red1 f5 23. Kg2 Kf7 24. Rd5 Kf6 25. Rc3 Rae8 26. Rcd3 a4 27. R5d4 axb3 28. Rxb3 R8e5 29. Kf3 h5 30. Rb4 g5 31. Rb5 g4+ 32. Kg2 Rxd4 33. exd4 Rxb5 34. cxb5 Ke6 35. f3 Kd5 36. hxg4 hxg4 37. Kf2 Kxd4 38. Ke2 d5 39. a4 0-1

[Event "Bouches-du-Rhone-ch 1516"]
[Site "Vitrolles"]
[Date "2015.11.07"]
[Round "3"]
[White "Anton, Jose"]
[Black "Feraud, Guillaume"]
[Result "0-1"]
[WhiteElo "1907"]
[BlackElo "1861"]
[PlyCount "122"]
[EventDate "2015.09.26"]
[EventType "tourn"]
[EventRounds "9"]
[EventCountry "FRA"]
[SourceTitle "EXT 2024"]
[Source "ChessBase"]
[SourceDate "2023.10.10"]
[SourceVersion "1"]
[SourceVersionDate "2023.10.10"]
[SourceQuality "1"]

1. e4 e5 2. d4 exd4 3. Qxd4 Nc6 4. Qe3 Nf6 5. Nc3 Bb4 6. Bd2 Qe7 7. Bd3 d6 8. 0-0-0 Be6 9. f4 Bc5 10. Qg3 0-0-0 11. f5 Bd7 12. Bg5 Nb4 13. a3 Nxd3+ 14. Qxd3 Bc6 15. Nd5 Bxd5 16. exd5 Rde8 17. Nf3 Be3+ 18. Bxe3 Qxe3+ 19. Qxe3 Rxe3 20. Rhe1 Rhe8 21. Rxe3 Rxe3 22. c4 h6 23. Kd2 Rb3 24. Kc2 Re3 25. Kd2 Rb3 26. Rb1 Ne4+ 27. Kc2 Re3 28. Re1 Rxe1 29. Nxe1 Kd7 30. Kd3 Nc5+ 31. Ke3 Ke7 32. g4 Kf6 33. h4 h5 34. Kf4 hxg4 35. Kxg4 Ne4 36. Nf3 Nf2+ 37. Kf4 Nd3+ 38. Ke4 Nxb2 39. Nd4 a6 40. Nb3 b6 41. Nd2 a5 42. Kf4 Nd3+ 43. Ke4 Ne1 44. Kf4 Ng2+ 45. Kg4 Ne3+ 46. Kf4 Nc2 47. a4 Ne1 48. Ne4+ Ke7 49. h5 Nd3+ 50. Kg5 f6+ 51. Kg6 Kf8 52. Nxf6 Ne5+ 53. Kg5 gxf6+ 54. Kxf6 Nxc4 55. h6 Ne5 56. h7 Nf7 57. Ke6 Ke8 58. Kf6 b5 59. Kg7 bxa4 60. h8Q+ Nxh8 61. Kxh8 Kf7 0-1

[Event "Bouches-du-Rhone-ch 1516"]
[Site "Vitrolles"]
[Date "2015.10.10"]
[Round "2"]
[White "Feraud, Guillaume"]
[Black "Parroco, Pierre Jean"]
[Result "1-0"]
[WhiteElo "1858"]
[BlackElo "1757"]
[PlyCount "35"]
[EventDate "2015.09.26"]
[EventType "tourn"]
[EventRounds "9"]
[EventCountry "FRA"]
[SourceTitle "EXT 2024"]
[Source "ChessBase"]
[SourceDate "2023.10.10"]
[SourceVersion "1"]
[SourceVersionDate "2023.10.10"]
[SourceQuality "1"]

1. d4 d5 2. c4 e6 3. Nc3 Nf6 4. Bg5 Be7 5. Nf3 Nbd7 6. e3 c5 7. cxd5 exd5 8. dxc5 Nxc5 9. Bb5+ Bd7 10. Bxd7+ Qxd7 11. Bxf6 Bxf6 12. Nxd5 0-0-0 13. Nxf6 Nd3+ 14. Kf1 Qb5 15. Qe2 gxf6 16. Rc1+ Kb8 17. Rc3 Rhe8 18. Ne1 1-0

[Event "Sanary sur Mer op 5th"]
[Site "Sanary sur Mer"]
[Date "2013.08.28"]
[Round "3"]
[White "Feraud, Guillaume"]
[Black "Tenninger, Marc"]
[Result "1/2-1/2"]
[WhiteElo "1734"]
[BlackElo "1855"]
[PlyCount "109"]
[EventDate "2013.08.27"]
[EventType "swiss"]
[EventRounds "7"]
[EventCountry "FRA"]
[SourceTitle "EXT 2014"]
[Source "ChessBase"]
[SourceDate "2013.11.20"]
[SourceVersion "1"]
[SourceVersionDate "2013.11.20"]
[SourceQuality "1"]

1. c4 c6 2. d4 d5 3. Nc3 Nf6 4. f3 Bf5 5. e3 e6 6. Bd3 Bxd3 7. Qxd3 Be7 8. Nge2 Nbd7 9. 0-0 0-0 10. b3 Qc7 11. e4 dxc4 12. bxc4 Rfd8 13. Bf4 Qc8 14. e5 Nh5 15. Qe4 Nxf4 16. Nxf4 Nb6 17. c5 Nd5 18. Nfxd5 cxd5 19. Qc2 b6 20. cxb6 axb6 21. Rab1 Qc4 22. Qd2 Bb4 23. Rb3 Rdc8 24. Rc1 Rc6 25. Qe3 Ba5 26. Ne2 Qa4 27. Nc3 Bxc3 28. Rbxc3 Rc4 29. Rxc4 dxc4 30. d5 exd5 31. e6 fxe6 32. Qxe6+ Kh8 33. Qxd5 b5 34. Rb1 Qxa2 35. Qxb5 Qa7+ 36. Qb6 Qxb6+ 37. Rxb6 Rc8 38. Rb1 Kg8 39. Kf2 Kf7 40. Ke3 Ke6 41. Ke4 c3 42. Rc1 Rd8 43. g3 Rd2 44. h4 c2 45. Ke3 Rg2 46. g4 Kd5 47. Kd3 Rh2 48. Rxc2 Rxh4 49. Rc7 g6 50. Ke3 Rh1 51. Kf4 h6 52. Re7 Kd6 53. Rg7 g5+ 54. Kf5 Rh3 55. Ke4 1/2-1/2

[Event "Provence-ch 1213"]
[Site "Provence"]
[Date "2013.07.10"]
[Round "7"]
[White "Feraud, Guillaume"]
[Black "Faure, Alexandre"]
[Result "1/2-1/2"]
[WhiteElo "1706"]
[BlackElo "1872"]
[PlyCount "61"]
[EventDate "2013.07.06"]
[EventType "swiss"]
[EventRounds "9"]
[EventCountry "FRA"]
[SourceTitle "EXT 2015"]
[Source "ChessBase"]
[SourceDate "2014.11.20"]
[SourceVersion "1"]
[SourceVersionDate "2014.11.20"]
[SourceQuality "1"]

1. d4 Nf6 2. c4 g6 3. Nc3 d5 4. cxd5 Nxd5 5. e4 Nxc3 6. bxc3 Bg7 7. Nf3 c5 8. Rb1 0-0 9. Be2 Nc6 10. d5 Ne5 11. Qb3 Qc7 12. c4 f5 13. Nxe5 Qxe5 14. f3 fxe4 15. 0-0 exf3 16. Bxf3 Bf5 17. Bb2 Qd6 18. Bxg7 Kxg7 19. Rbd1 Rab8 20. Rfe1 a6 21. a4 Bd7 22. Re3 b5 23. axb5 axb5 24. Rde1 Rfe8 25. cxb5 Rxb5 26. Qd3 Rb6 27. Qc3+ Kf7 28. Rc1 Rc8 29. Rce1 Re8 30. Rc1 Rc8 31. Rce1 1/2-1/2

[Event "Provence-ch 1213"]
[Site "Provence"]
[Date "2013.07.07"]
[Round "3"]
[White "Feraud, Guillaume"]
[Black "Busson, Benoist"]
[Result "1-0"]
[WhiteElo "1706"]
[BlackElo "1972"]
[PlyCount "129"]
[EventDate "2013.07.06"]
[EventType "swiss"]
[EventRounds "9"]
[EventCountry "FRA"]
[SourceTitle "EXT 2015"]
[Source "ChessBase"]
[SourceDate "2014.11.20"]
[SourceVersion "1"]
[SourceVersionDate "2014.11.20"]
[SourceQuality "1"]

1. d4 d5 2. c4 e5 3. dxe5 d4 4. Nf3 Nc6 5. Bf4 Nge7 6. Nbd2 Ng6 7. Bg3 h5 8. h3 Bf5 9. Qa4 Be7 10. 0-0-0 Bd7 11. Qc2 Nb4 12. Qb1 c5 13. a3 Nc6 14. e3 dxe3 15. Ne4 Qa5 16. fxe3 0-0-0 17. Be2 Be6 18. Qc2 Rxd1+ 19. Rxd1 Rd8 20. Rxd8+ Qxd8 21. Qd2 Qxd2+ 22. Kxd2 Kd7 23. Nc3 Na5 24. Nd5 Bd8 25. Kc3 Nc6 26. Nf4 Ba5+ 27. Kb3 Nxf4 28. exf4 Bf5 29. Bf2 Bb6 30. Kc3 f6 31. Bd3 Ke6 32. exf6 gxf6 33. Nh4 Bxd3 34. Kxd3 f5 35. Nf3 Kd6 36. Nh2 Ne7 37. g4 fxg4 38. hxg4 hxg4 39. Nxg4 Bc7 40. Ke4 b6 41. f5 Kd7 42. Nf6+ Kd8 43. Nd5 Ng8 44. f6 Bd6 45. Be3 Ke8 46. Bf4 Bxf4 47. Kxf4 Nh6 48. Ke5 Kd7 49. Ne3 a6 50. a4 Nf7+ 51. Kd5 Nh6 52. b3 a5 53. Ke5 Nf7+ 54. Kf5 Nd6+ 55. Kg6 Ke8 56. Kg7 Nf7 57. Nd5 Ng5 58. Nxb6 Ne6+ 59. Kg8 Nd8 60. Nd5 Ne6 61. f7+ Kd7 62. f8Q Nxf8 63. Kxf8 Ke6 64. Ke8 Ke5 65. Kd7 1-0

[Event "Provence-ch 1213"]
[Site "Provence"]
[Date "2013.07.06"]
[Round "1"]
[White "Dudognon, Thibault"]
[Black "Feraud, Guillaume"]
[Result "1-0"]
[WhiteElo "1984"]
[BlackElo "1706"]
[PlyCount "71"]
[EventDate "2013.07.06"]
[EventType "swiss"]
[EventRounds "9"]
[EventCountry "FRA"]
[SourceTitle "EXT 2015"]
[Source "ChessBase"]
[SourceDate "2014.11.20"]
[SourceVersion "1"]
[SourceVersionDate "2014.11.20"]
[SourceQuality "1"]

1. e4 e5 2. Nf3 Nc6 3. Bb5 a6 4. Ba4 Nf6 5. 0-0 Be7 6. Re1 b5 7. Bb3 d6 8. c3 0-0 9. h3 Na5 10. Bc2 c5 11. d4 Qc7 12. Nbd2 cxd4 13. cxd4 Bb7 14. d5 Rac8 15. Bd3 Nd7 16. Nf1 f5 17. Ng3 fxe4 18. Bxe4 h6 19. Nh5 Nf6 20. Nxf6+ Rxf6 21. b3 Rcf8 22. Be3 Bc8 23. Rc1 Qb8 24. Qc2 Bf5 25. Bxf5 Rxf5 26. Qc7 Qd8 27. Bd2 Qxc7 28. Rxc7 Bd8 29. Ra7 e4 30. Rxe4 Rxd5 31. Rxa6 Nb7 32. Rd4 Rxd4 33. Nxd4 Nc5 34. Ra8 Ne4 35. Be3 Nc3 36. Ne6 1-0

[Event "Hyeres op"]
[Site "Hyeres"]
[Date "2013.02.24"]
[Round "3"]
[White "Feraud, Guillaume"]
[Black "Mory, Eric"]
[Result "0-1"]
[WhiteElo "1658"]
[BlackElo "2189"]
[PlyCount "78"]
[EventDate "2013.02.16"]
[EventType "swiss"]
[EventRounds "9"]
[EventCountry "FRA"]
[SourceTitle "EXT 2024"]
[Source "ChessBase"]
[SourceDate "2023.10.10"]
[SourceVersion "1"]
[SourceVersionDate "2023.10.10"]
[SourceQuality "1"]

1. d4 Nf6 2. c4 c5 3. d5 b5 4. cxb5 a6 5. b6 Qxb6 6. Nc3 d6 7. e4 g6 8. Nf3 Bg7 9. Be2 0-0 10. 0-0 Nbd7 11. Nd2 Qc7 12. Nc4 Rb8 13. Be3 Nb6 14. Qd2 Ng4 15. Bg5 Nxc4 16. Bxc4 Rb4 17. b3 Ne5 18. Be2 c4 19. f4 Nd3 20. bxc4 Qc5+ 21. Kh1 Nf2+ 22. Rxf2 Qxf2 23. Bxe7 Re8 24. Bxd6 Rxc4 25. Rf1 Qd4 26. Qxd4 Rxd4 27. Rc1 Rd2 28. Bf3 Bf5 29. e5 Rc8 30. Bb4 Rd4 31. Bd6 Rxf4 32. Ne2 Rxc1+ 33. Nxc1 Rc4 34. Ne2 Bd3 35. Kg1 Bh6 36. Kf2 Rc2 37. a3 Bc4 38. g4 Bf4 39. h4 f6 0-1

[Event "Hyeres op"]
[Site "Hyeres"]
[Date "2013.02.18"]
[Round "6"]
[White "Touvron, Fabrice"]
[Black "Feraud, Guillaume"]
[Result "1/2-1/2"]
[WhiteElo "1927"]
[BlackElo "1658"]
[PlyCount "97"]
[EventDate "2013.02.16"]
[EventType "swiss"]
[EventRounds "9"]
[EventCountry "FRA"]
[SourceTitle "EXT 2024"]
[Source "ChessBase"]
[SourceDate "2023.10.10"]
[SourceVersion "1"]
[SourceVersionDate "2023.10.10"]
[SourceQuality "1"]

1. c4 c5 2. Nf3 Nf6 3. d4 cxd4 4. Nxd4 Nc6 5. Nc3 g6 6. e4 d6 7. Be2 Bg7 8. Be3 0-0 9. 0-0 Bd7 10. f3 Rc8 11. Qd2 Kh8 12. Rac1 a6 13. Rfd1 Qa5 14. c5 dxc5 15. Nb3 Qc7 16. Bxc5 Be6 17. Qe3 b5 18. Nd5 Qb7 19. g4 Rfd8 20. Nf4 Bxb3 21. axb3 Nd7 22. Nd3 Nxc5 23. Nxc5 Qa7 24. Qg5 h6 25. Qe3 Bd4 26. Rxd4 Nxd4 27. b4 Nxe2+ 28. Qxe2 Rd4 29. Qe3 Rcd8 30. Qxh6+ Kg8 31. Rc2 Rxb4 32. Kg2 Rc8 33. Qg5 Rc4 34. Rxc4 bxc4 35. Na4 Qb7 36. Qd2 Qc6 37. Nc3 e6 38. h4 Qc5 39. Qf4 Qd4 40. Qg5 Rd8 41. Nd5 Rxd5 42. exd5 exd5 43. Kg3 Kg7 44. h5 Qxb2 45. h6+ Kh7 46. Qxd5 Kxh6 47. Qxc4 Qe5+ 48. Kg2 Qe6 49. Qd3 1/2-1/2

[Event "Hyeres op"]
[Site "Hyeres"]
[Date "2013.02.16"]
[Round "1"]
[White "Feraud, Guillaume"]
[Black "Ramazzotti, Bernard"]
[Result "1/2-1/2"]
[WhiteElo "1658"]
[BlackElo "1835"]
[PlyCount "70"]
[EventDate "2013.02.16"]
[EventType "swiss"]
[EventRounds "9"]
[EventCountry "FRA"]
[SourceTitle "EXT 2024"]
[Source "ChessBase"]
[SourceDate "2023.10.10"]
[SourceVersion "1"]
[SourceVersionDate "2023.10.10"]
[SourceQuality "1"]

1. d4 Nf6 2. c4 c5 3. d5 b5 4. cxb5 a6 5. b6 Qxb6 6. Nc3 g6 7. e4 d6 8. Nf3 Bg7 9. Be2 0-0 10. 0-0 a5 11. Nd2 Ba6 12. Nc4 Qc7 13. f4 Nbd7 14. Rb1 Rfb8 15. Be3 Nb6 16. Nd2 Nfd7 17. Bxa6 Rxa6 18. Qe2 c4 19. Nb5 Qc8 20. Nd4 Nc5 21. Nc6 Rb7 22. Bxc5 dxc5 23. Nxc4 Nxc4 24. Qxc4 Rxc6 25. dxc6 Qxc6 26. e5 Rb4 27. Qc2 f6 28. a3 Rd4 29. exf6 Bxf6 30. b4 axb4 31. axb4 c4 32. Rf3 Rd8 33. Rc1 c3 34. Qb3+ Kg7 35. Rfxc3 Bxc3 1/2-1/2